Belarus, Moldova country report, may 2002

Saved in:
Bibliographic Details
Format: Book
Language:English
Published: London The Economist Intelligence Unit 2002
Series:<The> Economist
Subjects:
Tags: Add Tag
No Tags, Be the first to tag this record!

MARC

LEADER 00000nam a2200000 4500
001 c141118
005 20221124094352.0
022 |a 1356-4137 
041 0 |a eng 
044 |a GB 
245 1 0 |a Belarus, Moldova  |b country report, may 2002 
264 1 |a London  |b The Economist Intelligence Unit  |c 2002 
300 |a 48 s. 
490 1 |a <The> Economist 
830 0 |a <The> Economist 
610 2 0 |a politika 
610 2 0 |a politika hospodárska 
610 2 0 |a ukazovatele ekonomické 
610 2 0 |a prognózy hospodárske 
610 2 0 |a hospodárstvo domáce 
610 2 0 |a obchod zahraničný 
610 2 0 |a Bielorusko 
610 2 0 |a Moldavsko